书目信息 |
| 书名: | DALE BROWN'S DREAMLAND;Retribution | |
| 作者: | Dale Brown; James DeFelice | |
| 分册号: | ||
| 分册名: | 出版地: | New York |
|
| 出版社: | Harper | |
| 出版时间: | 2007 | |
| 页数: | 420P | |
| 开本: | 16CM | |
| 丛书名: | ||
| 中图分类号: | ||
| 科图分类号: | ||
| 其他分类号: | I712.45 | |
| 主题词: | ||
| 电子资源: | ||
| 000 | 00431nam0 2200157 450 | |
| 001 | 202012001122 | |
| 005 | 20121115104507.0 | |
| 008 | 12102701s | |
| 020 | @a9780060889463@c$7.99 | |
| 099 | @dI712.45@eD1392 | |
| 245 | 10 | @aDALE BROWN'S DREAMLAND;Retribution@cDale Brown; James DeFelice |
| 260 | 0 | @a New York@bHarper@c2007 |
| 300 | @a420P@c16CM | |
| 905 | @b11541 | |
| 905 | @b0010113 | |
| 905 | @aTSG@dI712.45@eD1392 | |
| DALE BROWN'S DREAMLAND;Retribution / Dale Brown; James DeFelice.- New York : Harper , 2007 |
| 420P ; 16CM |
| ISBN 9780060889463$7.99 |
| ● |
| 相关链接 |
|
|
|
正题名:DALE BROWN'S DREAMLAND;Retribution
索取号:I712.45/D1392
 
预约/预借
| 序号 | 登录号 | 条形码 | 馆藏地/架位号 | 状态 | 备注 |